LIBRARY & INFORMATION CENTRE, KCAET, TAVANUR

ONLINE PUBLIC ACCESS CATALOGUE (OPAC)

Processing and Marketing of Coconuts in India / (Record no. 1311)

MARC details
000 -LEADER
fixed length control field 00573cam a2200217ua 4500
041 ## - LANGUAGE CODE
Language code of text/sound track or separate title eng
082 ## - DEWEY DECIMAL CLASSIFICATION NUMBER
Classification number 664.80461
Item number MAR/PR
100 ## - MAIN ENTRY--AUTHOR NAME
Personal name Markose, V.T .
245 00 - TITLE STATEMENT
Title Processing and Marketing of Coconuts in India /
250 ## - EDITION STATEMENT
Edition statement 1 /
260 ## - PUBLICATION, DISTRIBUTION, ETC. (IMPRINT)
Place of publication Kerala :
Name of publisher Coconut Development Board ,
Year of publication 1994.
300 ## - PHYSICAL DESCRIPTION
Number of Pages 119 ; .
700 1# - ADDED ENTRY--PERSONAL NAME
Personal name Nandakumar, T.B .
700 1# - ADDED ENTRY--PERSONAL NAME
Personal name Raveendran, P .
700 1# - ADDED ENTRY--PERSONAL NAME
Personal name Sreekumar, Poduval .
942 ## - ADDED ENTRY ELEMENTS (KOHA)
Koha item type Books
Holdings
Withdrawn status Lost status Damaged status Home library Current library Date acquired Full call number Accession Number Koha item type
      KAUAET KAUAET 07/04/2012 664.80461 19813 Books
free website counter